Cyclisme : Top 20 de à Travers La Flandre 2024 - Statistiques

Statistiques générales
  • Ce quiz a été pris 13 fois
  • Le résultat moyen est 6 sur 20
Statistiques - réponses
Position Equipe Coureur % Correct
3eme Groupama FDJ Stefan Kung
100%
1er Visma Lease a Bike Matteo Jorgenson
91%
4eme Visma Lease a Bike Tiesj Benoot
82%
2eme Uno-X Mobility Jonas Abrahamsen
73%
13eme Groupama FDJ Valentin Madouas
55%
6eme Ineos Grenadier Joshua Tarling
45%
15eme Alpecin Deceuninck Jasper Philipsen
27%
18eme Arkea B&B Hotels Lucas Mozzato
27%
12eme UAE Team Emirates Nils Pollit
27%
16eme Ineos Grenadier Ben Turner
18%
7eme Lidl Trek Jonathan Milan
18%
17eme Jayco AlUla Michael Matthews
18%
14eme BORA Hansgrohe Danny Van Poppel
9%
11eme Decathlon Ag2r La Mondiale Pierre Gautherat
9%
10eme TotalEnergies Thomas Gachignard
9%
5eme Decathlon Ag2r La Mondiale Dries De Bondt
0%
20eme Dsm Firmeninch PostNL John Degenkolb
0%
9eme Movistar Team Mathias Norsgaard
0%
8eme EF Education Easypost Michael Valgren
0%
19eme Intermarché Wanty Mike Teunissen
0%
Aucun quiz correspondant
Distribution des résultats
% des personnes avec chaque résultat
Percentile par nombre de réponses
Votre historique - résultats
Vous n’avez pas pris ce quiz